000 01090nam a22001937a 4500
003 JO-AjAnu
005 20240708090034.0
008 240706b jo ||||| |||| 00| 0 ara d
040 _cJO-AjAnu
041 _aARA
100 1 _aالديك، شموع احمد عبد الكريم
_966005
_dمعد
245 2 _aالمسوولية المدنية على الأعمال المصرفية الإلكترونية عن الإخلال بقواعد بيانات العملاء في التشريع الأردني = Civil liability for electronic banking for breaches of customer databases in jordanian legislation /
_cاعداد شموع احمد عبد الكريم الديك ؛ إشراف عيسى لافي الصمادي
260 _c2024
300 _a82 ورقة
500 _a رسالة جامعية (ماجستير) .- جامعة عجلون الوطنية (عجلون، الأردن)، كلية الحقوق، تخصص القانون، 2024
650 7 0 _aالقانون المدني
_966006
700 1 _aالصمادي، عيسى لافي
_965188
_eمشرف
942 _2lcc
_cTHS
_n0
999 _c33559
_d33559